1325 1878 1966 1722 1163 1451 1500 1379 1554 1948 1034 1146 1788 1458 1251 1256 1051 1285 1738 1292 1671 1845 1662 1324 1837 1439 1278 1796 1423 1175 1009 1250 1566 1078 1543 1206 1114 1385 1274 1993 1981 1983 1016 1324 1031 1112 1932 1101 1898 1802 1552 1655 1057 1443 1749 1442 1868 1989 1203 1322 1813 1274 1798 1241 1556 1136 1050 1775 1831 1440 1654 1310 1307 1404 1611 1744 1161 1167 1394 1654 1451 1058 1581 1610 1050 1992 1932 1225 1600 1749 1356 1635 1511 1475 1210 1857 1919 1163 1749 BCNSPRNW ULIB Ver.6.0+V

เปลี่ยนเป็นภาษาไทย

Change to English
 แสดงรายละเอียดบรรณานุกรม
  กลับหน้าหลัก

Brief Record : Get Marc (ISO 2709) : E-mail record : QR code < ปิดหน้าต่าง
LEADER : 00000nam 2200000uu 4500
001    13399128143
003     ULIB
008    220718s2561||||th 000 0 tha d
020    ^a9786160832767
050  4 ^aQA76^bอ978ว
100 0  ^aโอภาส เอี่ยมสิริวงศ์
245 10 ^aวิทยาการคอมพิวเตอร์และเทคโนโลยีสารสนเทศ =^bComputer scienceand information technology /^cโอภาส เอี่ยมสิริวงศ์
246 31 ^aComputer science and information technology
260    ^aกรุงเทพฯ :^bซีเอ็ดยูเคชั่น,^c2561
300    ^a468 หน้า :^bภาพประกอบ ;^c24 ซม.
650  4 ^aคอมพิวเตอร์
650  4 ^aวิทยาการคอมพิวเตอร์
650  4 ^aเทคโนโลยีสารสนเทศ
945    ^p250^l0^i009129
945    ^p250^l0^i009130
945    ^p250^l0^i009131
945    ^p250^l0^i009132
945    ^p250^l0^i009133
945    ^p250^l0^i009134
945    ^p250^l0^i009135
945    ^p250^l0^i009136
945    ^p250^l0^i009137
945    ^p250^l0^i009138
999    ^aประนอม เกษจรัล
รายการนี้ยังไม่มีแท็ก
คุณยังไม่ได้ล็อกอิน คุณสามารถมีกิจกรรมร่วมกับเว็บไซต์ได้ แต่ต้องล็อกอินก่อน ::
  ล็อกอิน

รายการสื่อสารสนเทศ

ลำดับที่ ประเภท เลขเรียก/บาร์โค้ด สถานที่ สถานะ
1. การศึกษาทั่วไป
หนังสือสำรอง
สถานะ=หนังสือสำรอง
QA76 อ978ว ฉ.1 
  Barcode: 009129
ห้องสมุดวิทยาเขตสวรรค์ประชารักษ์
►หนังสือทั่วไป
บนชั้น
2. การศึกษาทั่วไป
การศึกษาทั่วไป
QA76 อ978ว ฉ.10 
  Barcode: 009138
ห้องสมุดวิทยาเขตสวรรค์ประชารักษ์
►หนังสือทั่วไป
บนชั้น
3. การศึกษาทั่วไป
การศึกษาทั่วไป
QA76 อ978ว ฉ.2 
  Barcode: 009130
ห้องสมุดวิทยาเขตสวรรค์ประชารักษ์
►หนังสือทั่วไป
บนชั้น
4. การศึกษาทั่วไป
การศึกษาทั่วไป
QA76 อ978ว ฉ.3 
  Barcode: 009131
ห้องสมุดวิทยาเขตสวรรค์ประชารักษ์
►หนังสือทั่วไป
บนชั้น
5. การศึกษาทั่วไป
การศึกษาทั่วไป
QA76 อ978ว ฉ.4 
  Barcode: 009132
ห้องสมุดวิทยาเขตสวรรค์ประชารักษ์
►หนังสือทั่วไป
บนชั้น
6. การศึกษาทั่วไป
การศึกษาทั่วไป
QA76 อ978ว ฉ.5 
  Barcode: 009133
ห้องสมุดวิทยาเขตสวรรค์ประชารักษ์
►หนังสือทั่วไป
บนชั้น
7. การศึกษาทั่วไป
การศึกษาทั่วไป
QA76 อ978ว ฉ.6 
  Barcode: 009134
ห้องสมุดวิทยาเขตสวรรค์ประชารักษ์
►หนังสือทั่วไป
บนชั้น
8. การศึกษาทั่วไป
การศึกษาทั่วไป
QA76 อ978ว ฉ.7 
  Barcode: 009135
ห้องสมุดวิทยาเขตสวรรค์ประชารักษ์
►หนังสือทั่วไป
บนชั้น
9. การศึกษาทั่วไป
การศึกษาทั่วไป
QA76 อ978ว ฉ.8 
  Barcode: 009136
ห้องสมุดวิทยาเขตสวรรค์ประชารักษ์
►หนังสือทั่วไป
บนชั้น
10. การศึกษาทั่วไป
การศึกษาทั่วไป
QA76 อ978ว ฉ.9 
  Barcode: 009137
ห้องสมุดวิทยาเขตสวรรค์ประชารักษ์
►หนังสือทั่วไป
บนชั้น

รายการใกล้เคียง
    ผู้แต่ง [โอภาส เอี่ยมสิริวงศ์]

    หัวเรื่อง [คอมพิวเตอร์]
    หัวเรื่อง [วิทยาการคอมพิวเตอร์]
    หัวเรื่อง [เทคโนโลยีสารสนเทศ]

BibComment


ยังไม่เคยถูกคอมเมนท์

คอมเมนท์ทรัพยากรรายการนี้
  คอมเมนท์: วิทยาการคอมพิวเต..


 Copyright 2026. Bcnsprnw @Library